[Event "GER-chT U16 Girls"]
[Site "Magdeburg"]
[Date "2023.12.27"]
[Round "1.8"]
[White "Reich, Elisabeth"]
[Black "Kern, Jennifer"]
[Result "1-0"]
[WhiteElo "1573"]
[BlackElo "1363"]
[PlyCount "62"]
[EventDate "2023.12.26"]
[EventType "team-swiss"]
[EventRounds "7"]
[EventCountry "GER"]
[SourceTitle "CB03_2024"]
[SourceDate "2024.01.17"]
[SourceVersion "1"]
[SourceVersionDate "2024.01.17"]
[SourceQuality "1"]
[WhiteTeam "Oberkotzau"]
[BlackTeam "Bad Duerkheim Wachenheim"]
[WhiteTeamCountry "GER"]
[BlackTeamCountry "GER"]

1. Nf3 Nf6 2. g3 d5 3. Bg2 e6 4. d3 Be7 5. 0-0 0-0 6. Nbd2 b6 7. Re1 Bb7 8. c3 c5 9. Qc2 Nbd7 10. e4 Qc7 11. exd5 Nxd5 12. Nc4 Rfd8 13. Ne3 Nxe3 14. Bxe3 Nf6 15. d4 Rac8 16. dxc5 Bxc5 17. Bxc5 Qxc5 18. Rad1 Rxd1 19. Rxd1 Be4 20. Qd2 h6 21. a3 Bd5 22. Qd4 Qb5 23. Qb4 Qe2 24. Rd2 Qa6 25. Ne5 Bxg2 26. Kxg2 Qb7+ 27. Kg1 Nd5 28. Qe4 Qc7 29. c4 Nf6 30. Qd4 Re8 31. b3 Qb7 1-0

[Event "Oberfranken-ch"]
[Site "Kronach"]
[Date "2023.02.25"]
[Round "6"]
[White "Koppe, Connor"]
[Black "Reich, Elisabeth"]
[Result "1-0"]
[WhiteElo "1808"]
[BlackElo "1716"]
[PlyCount "161"]
[EventDate "2023.02.23"]
[EventType "swiss"]
[EventRounds "7"]
[EventCountry "GER"]
[SourceTitle "CBM 213 Extra"]
[Source "ChessBase"]
[SourceDate "2023.05.31"]
[SourceVersion "1"]
[SourceVersionDate "2023.05.31"]
[SourceQuality "1"]

1. e4 c5 2. Nf3 Nc6 3. Bb5 e6 4. c3 Nf6 5. Qe2 Be7 6. 0-0 0-0 7. d4 d5 8. e5 Nd7 9. a3 a6 10. Bd3 f5 11. exf6 Nxf6 12. Ng5 cxd4 13. Nxe6 Bxe6 14. Qxe6+ Kh8 15. Bg5 h6 16. Bh4 dxc3 17. Nxc3 g5 18. Bg3 Qc8 19. Qe2 Kg7 20. Be5 Qd7 21. Rad1 d4 22. Bxf6+ Rxf6 23. Ne4 Re6 24. Qh5 Qe8 25. Qg4 Bd6 26. Nxd6 Rxd6 27. h4 Ne5 28. Qg3 g4 29. Bf5 Rf6 30. Bxg4 Rg6 31. Rfe1 Rxg4 32. Qxe5+ Qxe5 33. Rxe5 Rxh4 34. Re7+ Kf6 35. Rxb7 a5 36. Rd7 Ke5 37. g3 Rg4 38. Re1+ Kf5 39. Kg2 Rb8 40. Rd5+ Kf6 41. Re2 Rb3 42. f3 d3 43. Rd6+ Kf7 44. Rd2 Rc4 45. R6xd3 Rxd3 46. Rxd3 Rc2+ 47. Kh3 Rxb2 48. Rd5 Rb3 49. Rxa5 Rxf3 50. Kg4 Rd3 51. Ra6 h5+ 52. Kh4 Rc3 53. a4 Ke7 54. a5 Kd7 55. Rg6 Kc7 56. Kxh5 Kb7 57. g4 Rh3+ 58. Kg5 Rh1 59. Rf6 Rg1 60. Kh5 Rh1+ 61. Kg6 Rg1 62. g5 Ka7 63. Kh6 Rh1+ 64. Kg7 Rg1 65. g6 Rh1 66. Kf7 Rg1 67. g7 Kb7 68. g8Q Rxg8 69. Kxg8 Kc7 70. Rb6 Kc8 71. a6 Kc7 72. Rb1 Kc6 73. a7 Kc5 74. a8Q Kc4 75. Qc6+ Kd4 76. Rd1+ Ke3 77. Qe6+ Kf2 78. Rd5 Kf3 79. Rf5+ Kg4 80. Qg6+ Kh4 81. Rh5# 1-0

[Event "GER-chT U16 Girls"]
[Site "Neumuenster"]
[Date "2022.12.28"]
[Round "4"]
[White "Reich, Elisabeth"]
[Black "Gerlach, Lorena"]
[Result "1-0"]
[WhiteElo "1528"]
[BlackElo "1144"]
[PlyCount "61"]
[EventDate "2022.12.26"]
[EventType "team-swiss"]
[EventRounds "7"]
[EventCountry "GER"]
[SourceTitle "CBM 212 Extra"]
[Source "ChessBase"]
[SourceDate "2023.03.31"]
[SourceVersion "1"]
[SourceVersionDate "2023.03.31"]
[SourceQuality "1"]
[WhiteTeam "Oberkotzau"]
[BlackTeam "Paderborn Akademie"]
[WhiteTeamCountry "GER"]
[BlackTeamCountry "GER"]

1. e4 e6 2. d3 d5 3. Nd2 c5 4. Ngf3 Nc6 5. g3 Bd7 6. Bg2 Nf6 7. 0-0 Be7 8. c3 0-0 9. a4 Re8 10. h3 h6 11. Nh2 Qc7 12. f4 Rf8 13. Ng4 Rad8 14. Nxf6+ Bxf6 15. g4 d4 16. c4 b6 17. Nf3 Be7 18. h4 f6 19. Bd2 Bd6 20. f5 Ne5 21. Nxe5 Bxe5 22. g5 fxg5 23. hxg5 hxg5 24. Bxg5 Bf6 25. Qg4 Bxg5 26. Qxg5 Qe5 27. Rf3 exf5 28. exf5 Bc6 29. Rg3 Bxg2 30. Kxg2 Qxf5 31. Qxg7# 1-0

[Event "EU-ch Schools U13 Girls"]
[Site "Tornelo INT"]
[Date "2021.12.04"]
[Round "3"]
[White "Sekova, Olivia"]
[Black "Reich, Elisabeth"]
[Result "1-0"]
[WhiteElo "1641"]
[BlackElo "1428"]
[PlyCount "125"]
[EventDate "2021.12.03"]
[EventType "swiss (rapid)"]
[EventRounds "7"]
[EventCountry "NET"]
[SourceTitle "EXT 2023"]
[Source "ChessBase"]
[SourceDate "2022.10.05"]
[SourceVersion "1"]
[SourceVersionDate "2022.10.05"]
[SourceQuality "1"]

1. e4 c5 2. Nf3 d6 3. d4 cxd4 4. Qxd4 Nc6 5. Bb5 Bd7 6. Bxc6 Bxc6 7. Nc3 Nf6 8. Bg5 g6 9. Bxf6 exf6 10. 0-0-0 Be7 11. Rhe1 Qa5 12. Kb1 Rd8 13. Nd5 Bxd5 14. exd5 Kd7 15. Re3 Qc5 16. Qa4+ b5 17. Qa5 f5 18. Rde1 Bf6 19. Rb3 Rb8 20. Ra3 Rb7 21. Qa6 Rhb8 22. Rd1 Rc7 23. Rd2 Rb6 24. Qa5 Rb8 25. Rb3 Qb6 26. Qb4 Qc5 27. Qxc5 Rxc5 28. a4 Kc7 29. axb5 Rcxb5 30. Rxb5 Rxb5 31. c4 Rb4 32. Rc2 a5 33. Ka2 Rb6 34. Ka3 h6 35. Ka4 Rxb2 36. Rxb2 Bxb2 37. Kxa5 Bf6 38. Kb5 Bc3 39. c5 dxc5 40. Kxc5 Bf6 41. Nd4 Bxd4+ 42. Kxd4 Kd6 43. f4 h5 44. h4 f6 45. g3 Kc7 46. Kc5 Kd7 47. d6 Kd8 48. Kc6 Kc8 49. d7+ Kd8 50. Kd6 g5 51. Ke6 gxh4 52. gxh4 Kc7 53. Ke7 Kc6 54. d8Q Kc5 55. Qd3 Kb4 56. Qc2 Kb5 57. Kd6 Kb4 58. Kd5 Kb5 59. Qc5+ Ka4 60. Qb6 Ka3 61. Kc4 Ka2 62. Kc3 Ka1 63. Qb2# 1-0

[Event "GER-ch U14 Girls"]
[Site "Willingen"]
[Date "2021.08.28"]
[Round "8"]
[White "Reich, Elisabeth"]
[Black "Labuda, Annika"]
[Result "1/2-1/2"]
[WhiteElo "1368"]
[BlackElo "1284"]
[PlyCount "50"]
[EventDate "2021.08.22"]
[EventType "swiss"]
[EventRounds "9"]
[EventCountry "GER"]
[SourceTitle "EXT 2022"]
[Source "ChessBase"]
[SourceDate "2021.10.06"]
[SourceVersion "1"]
[SourceVersionDate "2021.10.06"]
[SourceQuality "1"]

1. e4 e5 2. Nf3 Nc6 3. d4 exd4 4. Bc4 Nf6 5. 0-0 Nxe4 6. Re1 d5 7. Bxd5 Qxd5 8. Nc3 Qa5 9. Nxe4 Be6 10. Neg5 0-0-0 11. Nxe6 fxe6 12. Rxe6 Bd6 13. Bd2 Qh5 14. h3 Rde8 15. Rxe8+ Rxe8 16. c3 dxc3 17. Bxc3 g6 18. Nd4 Qxd1+ 19. Rxd1 Nxd4 20. Bxd4 a6 21. Bc3 Bc5 22. a3 Re2 23. Rf1 Kd7 24. g3 Ke6 25. Kg2 Kd5 1/2-1/2

[Event "GER-chT U14 Girls"]
[Site "Willingen"]
[Date "2021.06.27"]
[Round "7.5"]
[White "Reich, Elisabeth"]
[Black "Stepanjan, Marianne"]
[Result "1-0"]
[WhiteElo "1191"]
[BlackElo "1383"]
[PlyCount "95"]
[EventDate "2021.06.23"]
[EventType "team-swiss"]
[EventRounds "7"]
[EventCountry "GER"]
[SourceTitle "EXT 2022"]
[Source "ChessBase"]
[SourceDate "2021.10.06"]
[SourceVersion "1"]
[SourceVersionDate "2021.10.06"]
[SourceQuality "1"]
[WhiteTeam "Oberkotzau"]
[BlackTeam "Norderstedt"]
[WhiteTeamCountry "GER"]
[BlackTeamCountry "GER"]

1. e4 c5 2. Nf3 Nc6 3. d3 e6 4. g3 d5 5. Nbd2 Nge7 6. Bg2 g6 7. 0-0 Bg7 8. Re1 0-0 9. Nh4 b5 10. a4 Rb8 11. axb5 Rxb5 12. Rb1 a5 13. b3 Rb8 14. Bb2 Nd4 15. Nhf3 Nb5 16. Bxg7 Kxg7 17. Qc1 Nc3 18. Ra1 d4 19. Nc4 Ra8 20. Nfd2 Bb7 21. Qa3 Qc7 22. e5 Bxg2 23. Kxg2 Nb5 24. Qb2 Nd5 25. Ne4 Nbc3 26. Nxc3 Nxc3 27. Ra3 Ra6 28. Nd6 Rb8 29. Qa1 Rba8 30. Qb2 Qb6 31. Nc4 Qb8 32. Qa1 Qb4 33. h4 a4 34. bxa4 Rxa4 35. Rxa4 Rxa4 36. Qc1 h6 37. Nd6 Nd5 38. Ne4 Ra3 39. Nf6 Qa4 40. Ng4 g5 41. hxg5 h5 42. Nf6 Kg6 43. Nxd5 exd5 44. Qf4 f5 45. gxf6 Qe8 46. e6 Ra8 47. Re5 Rc8 48. Qg5+ 1-0

[Event "GER-chT U14 Girls"]
[Site "Willingen"]
[Date "2021.06.26"]
[Round "6.4"]
[White "Alferova, Emily"]
[Black "Reich, Elisabeth"]
[Result "1/2-1/2"]
[WhiteElo "1365"]
[BlackElo "1191"]
[PlyCount "43"]
[EventDate "2021.06.23"]
[EventType "team-swiss"]
[EventRounds "7"]
[EventCountry "GER"]
[SourceTitle "EXT 2022"]
[Source "ChessBase"]
[SourceDate "2021.10.06"]
[SourceVersion "1"]
[SourceVersionDate "2021.10.06"]
[SourceQuality "1"]
[WhiteTeam "Garching"]
[BlackTeam "Oberkotzau"]
[WhiteTeamCountry "GER"]
[BlackTeamCountry "GER"]

1. e4 c5 2. Nc3 e6 3. g3 d5 4. exd5 exd5 5. d4 c4 6. Bg2 Nf6 7. Bg5 Be6 8. Bxf6 gxf6 9. Nge2 Bh6 10. 0-0 Nc6 11. b3 cxb3 12. cxb3 Rc8 13. Qd3 a6 14. Qf3 Ne7 15. Qxf6 Ng6 16. Qxd8+ Rxd8 17. f4 Ne7 18. Rfe1 Bg7 19. Rad1 Nf5 20. Kf2 0-0 21. Rd3 Rd6 22. Red1 1/2-1/2